000 00716nam a2200253Ia 4500
003 OSt
005 20221005115243.0
006 a|||||r|||| 00| 0
007 ta
008 221004b |||||||| |||| 00| 0 eng d
024 _a30647
037 _cTextual
040 _aCRL
_cCRL
_beng
041 _2eng
_aeng
082 _a14:473:M91, G2 RR
100 _aArchibald Raymond Clare Ed
_9627324
110 _aAmerican mathematical society Library
_9627325
245 0 _aCatalogue
260 _c1932
650 _aBIBLIOGRAPHY
700 _aAmerican mathematical society Library
_9627326
942 _h14:473:M91, G2 RR
_cTEXL
_2cc
999 _c1033935
_d1033935